000 00814nam a2200205Ia 4500
001 17896
003 GE_BSU
008 181216s||||||||xx |||||||||||||| ||und||
040 _cGE_BSU
080 _a821.353.1 + 821.353.1-1 + 821-1
100 _aლორთქიფანიძე, კ. (კონსტანტინე, 1905-1986)
245 _aრჩეული თხზულებანი. ლექსები, რჩეული თარგმანები. ტ. 5
245 _cვალენტინა ძიძიგურის რედ.
260 _aთბილისი
260 _bმერანი.
260 _c1979
300 _a285 გვ. : პორტრ. 17 სმ.
653 _aლექსები, რჩეული თარგმანები
942 _cBK
999 _c50939
_d50939